000
00295nam a2200109Ia 4500
008
171211s9999 xx 000 0 und d
245
_a
Watercolor: Realistic Painting
245
_c
Daniel K. Tennant
260
_c
2015
650
_x
Drawing
856
_u
http://down.ebook777.com/006/WatReaPai.rar
999
_c
348019
_d
348019